000
00306nam a22001457a 4500
020
_a
81-8204-014-0
082
_a
641.2
_b
SIN
100
_a
SINGH R.K
245
_a
BAR & BEVERAGE
260
_a
DELHI
_b
AMAN
_c
2010
300
_a
269
490
_a
BEVERAGE MANAGEMENT
653
_a
BEVERAGE
942
_2
ddc
_c
BK
999
_c
8078
_d
8078